| 000 | 01172nam a22003737a 4500 | ||
|---|---|---|---|
| 001 | 1600580 | ||
| 003 | DO-SdBNP | ||
| 005 | 20180226095648.0 | ||
| 006 | 1600580 | ||
| 008 | 161103b 2005 sp a 00| 0 spa d | ||
| 017 |
_a _b |
||
| 020 | _a8420464953 | ||
| 035 | _a | ||
| 040 |
_aBPMSU _bspa _cBPMSU _e |
||
| 080 | 0 | _a | |
| 082 |
_a853.91 _bF797m, 2005 |
||
| 100 | 1 |
_aFrabetti, Carlo _d1945- |
|
| 245 | 1 | 0 |
_aMalditas matemáticas : _bAlicia en el país de los números / _cCarlo Frabetti ; ilustraciones de Joaquín Marín _h |
| 246 | 1 | 3 |
_aAlicia en el país de los números _b |
| 250 | _a11a. ed. | ||
| 260 |
_aMadrid : _bEditorial Alfaguara, _c2005. |
||
| 300 |
_a131 p. : _bil.; _c22 cm |
||
| 490 | _aAlfaguara juvenil | ||
| 500 | _aIncluye datos biográficos del autor | ||
| 650 | _aLITERATURA JUVENIL ITALIANAS | ||
| 650 | _aCUENTOS JUVENILES ITALIANOS | ||
| 650 |
_aMATEMÁTICAS _vCUENTOS JUVENILES |
||
| 700 | 1 |
_4 _aMarín, Joaquín _eil. |
|
| 740 | _aAlicia en el país de los números | ||
| 830 | _aAlfaguara juvenil | ||
| 942 |
_2ddc _cBK |
||
| 945 | _aInventariado, 2018/ YL | ||
| 956 |
_aYLOCKWARD _b10 _cBPMSU _320180226 |
||
| 999 |
_c13338 _d13338 |
||